| 000 | 00702nam a2200229 a 4500 | ||
|---|---|---|---|
| 001 | 14143 | ||
| 003 | BD-JhCC | ||
| 005 | 20250126083251.0 | ||
| 008 | 250126b2000 b |||| ||a| 000 0 b d | ||
| 020 | _a984461882 | ||
| 035 | _a(BD-JhCC)14143 | ||
| 040 |
_aBD-JhCC _dBD-JhCC |
||
| 041 | _abengali | ||
| 082 |
_a891.4415 _bAZD 2000 |
||
| 100 | _aআজাদ,আলাউদ্দিন আল | ||
| 245 |
_aএই নাও আমার প্রেম লালগোলাপ / _cআলাউদ্দিন আল আজাদ । |
||
| 260 |
_aঢাকা: _bগতিধারা; _c২০০. |
||
| 300 |
_a64 p. : _b22 cm |
||
| 650 | _aBengali Poetry | ||
| 942 |
_2ddc _cBK |
||
| 999 |
_c14143 _d14143 |
||